Guia de estudio y libro de ejercicios : del curso de economía moderna de p.a. samuelson /
Guardado en:
| Autor Principal: | |
|---|---|
| Formato: | Libro |
| Publicado: |
España :
Aguilar, 0
|
| Edición: | 3a. ed. |
| Materias: | |
| Etiquetas: |
Agregar Etiqueta
Sin Etiquetas, Sea el primero en etiquetar este registro!
|
| LEADER | 00555nam a22001815a 4500 | ||
|---|---|---|---|
| 001 | CEM.cems005740 | ||
| 005 | 20060214000000.0 | ||
| 008 | 130507b######################000#0#####d | ||
| 003 | CEMS | ||
| 082 | 0 | 4 | |a 330.7 |
| 100 | 1 | |a Samuelson, Paul A. | |
| 245 | 1 | 0 | |a Guia de estudio y libro de ejercicios : |b del curso de economía moderna de p.a. samuelson / |
| 250 | |a 3a. ed. | ||
| 260 | |a España : |b Aguilar, 0 | ||
| 300 | |a 538 p. | ||
| 653 | |a Economia-ejercicios | ||
| 653 | |a Economia-guia de estudio | ||
| 859 | |a CEMS |b BIB. CEMS - 11 de abril |h 330.7 |i Sa49 |p 641.73 |t Ej.1 | ||
